[Event "Pan American-ch U16"]
[Site "Guayaquil"]
[Date "2019.07.22"]
[Round "3"]
[White "Idnani, Roshan R"]
[Black "Lu, Maximillian"]
[Result "1/2-1/2"]
[WhiteElo "1938"]
[BlackElo "2090"]
[PlyCount "91"]
[EventDate "2019.07.21"]
[EventType "swiss"]
[EventRounds "9"]
[EventCountry "ECU"]
[SourceTitle "EXT 2020"]
[Source "ChessBase"]
[SourceDate "2019.10.17"]
[SourceVersion "1"]
[SourceVersionDate "2019.10.17"]
[SourceQuality "1"]

1. e4 c5 2. Nf3 a6 3. g3 b5 4. d4 cxd4 5. Bg2 Bb7 6. Nxd4 e6 7. 0-0 Nc6 8. Be3 Qc7 9. Nd2 Nxd4 10. Bxd4 e5 11. Be3 Nf6 12. Bg5 Be7 13. Re1 0-0 14. Nf1 Nd5 15. Bxe7 Nxe7 16. Ne3 Rad8 17. Qe2 f5 18. Nxf5 Nxf5 19. exf5 Bxg2 20. Kxg2 Qc6+ 21. Qe4 Qxe4+ 22. Rxe4 Rxf5 23. Rae1 d6 24. a4 Rc8 25. c3 Rc5 26. axb5 axb5 27. Ra1 Rd5 28. Re2 Rf8 29. Ra7 h6 30. Rc7 Rf7 31. Rxf7 Kxf7 32. Kf1 Rd1+ 33. Re1 Rd2 34. Re2 Rd1+ 35. Re1 Rxe1+ 36. Kxe1 g5 37. f3 h5 38. h3 Ke6 39. Ke2 Kf5 40. Ke3 d5 41. b3 Ke6 42. Kd3 Kf5 43. Ke3 h4 44. g4+ Ke6 45. b4 Kf6 46. Kd3 1/2-1/2